Priloženija funkcional'nogo analiza i teorii operatorov

Saved in:
Bibliographic Details
Main Author: Hutson, V.C.L
Other Authors: Pym, John Sydney
Format: Book
Language:Russian
Published: Moskva Mir 1983
Tags: Add Tag
No Tags, Be the first to tag this record!

MARC

LEADER 00000nam a2200000 4500
001 c114860
005 20181115065059.4
041 0 |a rus 
044 |a RU 
245 1 0 |a Priloženija funkcional'nogo analiza i teorii operatorov  |c V.C.L. Hutson, John Sydney Pym 
264 1 |a Moskva  |b Mir  |c 1983 
300 |a 431 s. 
100 1 |a Hutson, V.C.L. 
700 1 |a Pym, John Sydney